images (140×140)   Dow University of Health Sciences Library Catalogue

Welcome to Dow University of Health Sciences Library Online Public Access Catalog

Textbook of Medical Pharmacology (Record no. 17978)

MARC details
000 -LEADER
fixed length control field 00345nam a2200133Ia 4500
008 - FIXED-LENGTH DATA ELEMENTS--GENERAL INFORMATION
fixed length control field 241014s9999||||xx |||||||||||||| ||und||
020 ## - INTERNATIONAL STANDARD BOOK NUMBER
International Standard Book Number 81-239-1176-9
100 ## - MAIN ENTRY--PERSONAL NAME
Personal name Udaykuar,Padmaja
245 #0 - TITLE STATEMENT
Title Textbook of Medical Pharmacology
260 ## - PUBLICATION, DISTRIBUTION, ETC.
Name of publisher, distributor, etc. CBS Puiblisher & Distributors
Date of publication, distribution, etc. 2004
300 ## - PHYSICAL DESCRIPTION
Extent 479
650 ## - SUBJECT ADDED ENTRY--TOPICAL TERM
Topical term or geographic name entry element Pharmacology
942 ## - ADDED ENTRY ELEMENTS (KOHA)
-- ION
Koha item type Books

No items available.




©2026, All rights reserved. Dow University of Health Sciences, Karachi, Pakistan.